Nexus (Record no. 43326)

MARC details
000 -LEADER
fixed length control field 00540nam a22002057a 4500
005 - DATE AND TIME OF LATEST TRANSACTION
control field 20250218164619.0
008 - FIXED-LENGTH DATA ELEMENTS--GENERAL INFORMATION
fixed length control field 250213b |||||||| |||| 00| 0 eng d
020 ## - INTERNATIONAL STANDARD BOOK NUMBER
International Standard Book Number 9781911717096
041 ## - LANGUAGE CODE
Language code of text/sound track or separate title English
082 ## - DEWEY DECIMAL CLASSIFICATION NUMBER
Classification number 001.09 HAR
Item number 33620
100 ## - MAIN ENTRY--PERSONAL NAME
Author Yuval Noah Harari
110 ## - MAIN ENTRY--CORPORATE NAME
Corporate name or jurisdiction name as entry element
245 ## - TITLE STATEMENT
Title Nexus
Remainder of title A brief History of Information Networks From The stone Age to AI
250 ## - EDITION STATEMENT
Edition statement 1st
260 ## - PUBLICATION, DISTRIBUTION, ETC.
Place new york
Publisher Penguin Random House
Publication Year 2024
300 ## - PHYSICAL DESCRIPTION
Extent 492:P 22cm
365 ## - TRADE PRICE
Price amount 715
Currency code Rs.
650 ## - SUBJECT ADDED ENTRY--TOPICAL TERM
Subject Power Resource
942 ## - ADDED ENTRY ELEMENTS (KOHA)
Koha item type Books
Holdings
Withdrawn status Lost status Source of classification or shelving scheme Damaged status Not for loan Home library Current library Shelving location Accession Date Vendor Price Bill number Total Checkouts Full call number Barcode No Date last seen Bill Date Koha item type
    Library of Congress Classification     IMTN IMTN Rack 1-A 02/13/2025 Amazon 715.00 FNAA-34145   001.09 HAR 33620 02/13/2025   Books
Designed & Maintained by: LRC IMT Nagpur Contact: lrc@imtnag.ac.in© 2024. All Rights Reserved.